00353nam a2200133Ia 4500008004100000082001700041100002000058245005000078250000800128260003100136300001200167500002400179650001600203230524s9999 xx 000 0 und d a515.625bMUR aDaniel A.Murray 0aIntroductory Course in Differential equations a1ST aCALCUTTAbRadha Pub.c2004 aXVI;133 aQuantity Number: 2 aMathematics